[Event "First Saturday 2010 februar FM-B"]
[Site "Budapest"]
[Date "2010.02.11"]
[Round "6"]
[White "Horvath, Zoltan"]
[Black "Vinnay, Istvan"]
[Result "1-0"]
[WhiteElo "1545"]
[BlackElo "1794"]
[PlyCount "103"]
[EventDate "2010.02.06"]

1. e4 c5 2. Nf3 e6 3. d4 cxd4 4. Nxd4 Nf6 5. Nc3 d6 6. Be3 Be7 7. Be2 a6 8. f4
Qc7 9. O-O O-O 10. g4 Nc6 11. g5 Ne8 12. Bd3 Nxd4 13. Bxd4 b5 14. Qh5 g6 15.
Qh6 b4 16. Rf3 f6 17. Rh3 Rf7 18. Ne2 e5 19. f5 Bf8 20. Qh4 fxg5 21. Qxg5 Be7
22. Qg3 Rg7 23. Kh1 gxf5 24. Qe3 fxe4 25. Bxe4 Bb7 26. Rg1 Bf6 27. Rxh7 Bxe4+
28. Qxe4 Rxg1+ 29. Bxg1 Qxh7 30. Qxa8 Qh5 31. Ng3 Qf7 32. b3 Kg7 33. Ne4 Be7
34. Ng3 d5 35. h3 Bh4 36. Kh2 Nd6 37. Qxa6 Bxg3+ 38. Kxg3 Qf4+ 39. Kg2 Nf5 40.
Qd3 e4 41. Qe2 Qg3+ 42. Kf1 Qxh3+ 43. Qg2+ Qxg2+ 44. Kxg2 d4 45. Kf1 Kf6 46.
Bf2 Ke5 47. Ke2 Kf4 48. Be1 Ng3+ 49. Kd1 d3 50. cxd3 exd3 51. Bxb4 Ne4 52. a4
1-0

[Event "First Saturday 2010 februar FM-B"]
[Site "Budapest"]
[Date "2010.02.12"]
[Round "7"]
[White "Vinnay, Istvan"]
[Black "Grimm, Daniel"]
[Result "0-1"]
[WhiteElo "1794"]
[BlackElo "1672"]
[PlyCount "118"]
[EventDate "2010.02.06"]

1. c4 Nf6 2. d4 g6 3. Nc3 Bg7 4. e4 d6 5. f3 O-O 6. Be3 e5 7. Nge2 Re8 8. Qd2
Nbd7 9. O-O-O b6 10. g4 Bb7 11. Ng3 exd4 12. Bxd4 Ne5 13. Be2 a6 14. Kb1 Nc6
15. Be3 Qc8 16. h3 Nd7 17. f4 Nc5 18. Bf3 Na5 19. b3 Nc6 20. Nd5 a5 21. Qc2 Ne7
22. Rhe1 Na6 23. Bd4 Bxd5 24. exd5 Bxd4 25. Rxd4 Nc5 26. Ne4 Nxe4 27. Rdxe4 Qd7
28. Qe2 Kf8 29. Qb2 Ng8 30. Qd4 Rxe4 31. Rxe4 Re8 32. Kc2 Rxe4 33. Qxe4 Qe7 34.
Kd3 Qh4 35. Bg2 Qg3+ 36. Qf3 Qe1 37. Qe2 Qc1 38. Qd2 Qg1 39. Kc2 Nf6 40. Kd3
Nd7 41. Qe2 Nc5+ 42. Kd2 Qd4+ 43. Ke1 Nd3+ 44. Kf1 Qxf4+ 45. Bf3 Ne5 46. Kg2
Qd4 47. Qe4 Qc3 48. Kg3 Qc1 49. Qe2 Qg1+ 50. Qg2 Qe1+ 51. Qf2 Qc3 52. Qe2 Kg7
53. Kf2 Nd3+ 54. Kg1 Qc1+ 55. Kh2 Qf4+ 56. Kg2 Qd4 57. Kh2 Nf4 58. Qd1 Qf2+ 59.
Kh1 Nxh3 0-1

[Event "First Saturday 2010 februar FM-B"]
[Site "Budapest"]
[Date "2010.02.12"]
[Round "7"]
[White "Grimm, Gyoergy"]
[Black "Horvath, Zoltan"]
[Result "1-0"]
[WhiteElo "1655"]
[BlackElo "1545"]
[PlyCount "133"]
[EventDate "2010.02.06"]

1. e4 c5 2. Nf3 d6 3. d4 cxd4 4. Nxd4 Nf6 5. Nc3 a6 6. Be2 e6 7. O-O Be7 8. Be3
O-O 9. Qd2 Nc6 10. f3 Nxd4 11. Qxd4 Qc7 12. Qb6 Qxb6 13. Bxb6 Bd8 14. Be3 b5
15. Nd1 e5 16. c4 bxc4 17. Bxc4 Be6 18. Rc1 d5 19. exd5 Nxd5 20. Bc5 Re8 21.
Ne3 Nf4 22. Rc2 a5 23. Bb5 Bf6 24. Bxe8 Rxe8 25. a3 g6 26. b4 axb4 27. Bxb4 Ra8
28. Nd1 Nd5 29. Re1 Nxb4 30. axb4 Rb8 31. Nb2 Rxb4 32. Nd3 Rb5 33. Rc5 Rxc5 34.
Nxc5 h5 35. Nd3 Kg7 36. Nxe5 Bxe5 37. Rxe5 h4 38. Kf2 Kh6 39. g3 hxg3+ 40. hxg3
g5 41. Ke3 Kg6 42. f4 gxf4+ 43. Kxf4 Kf6 44. Ra5 Bc4 45. g4 Kg6 46. Rc5 Bb3 47.
Kg3 Ba2 48. Kh4 Bb1 49. Rc6+ Kg7 50. Kg5 Bg6 51. Kf4 Bb1 52. Ke5 Bg6 53. Kd4
Bb1 54. Kc5 Be4 55. Rd6 Bf3 56. g5 Bg4 57. Rf6 Bh5 58. Kd6 Bg6 59. Ke7 Bh5 60.
Rh6 Bg6 61. Kd7 f5 62. Ke6 f4 63. Rh4 f3 64. Rf4 Be4 65. Rxe4 Kg6 66. Rf4 Kxg5
67. Rxf3 1-0

[Event "First Saturday 2010 februar FM-B"]
[Site "Budapest"]
[Date "2010.02.12"]
[Round "7"]
[White "Kiss, Sydney Olimpia"]
[Black "Farkas, Richard"]
[Result "0-1"]
[WhiteElo "1531"]
[BlackElo "1898"]
[PlyCount "120"]
[EventDate "2010.02.06"]

1. e4 e6 2. Nf3 d5 3. exd5 exd5 4. d4 Bd6 5. Nc3 c6 6. Bg5 f6 7. Bh4 Ne7 8. Bd3
O-O 9. Bg3 Bf5 10. Qe2 Re8 11. O-O-O Bxd3 12. Qxd3 b5 13. Nd2 a5 14. h4 a4 15.
h5 b4 16. Ne2 Na6 17. Bh4 Rf8 18. f4 c5 19. g4 c4 20. Qf3 b3 21. axb3 axb3 22.
cxb3 Nb4 23. Nb1 Nd3+ 24. Kc2 Ra2 25. bxc4 Nxb2 26. Nbc3 Nxd1+ 27. Nxa2 Qa5 28.
Nec1 Qa4+ 29. Qb3 Ne3+ 30. Kc3 Qxb3+ 31. Kxb3 dxc4+ 32. Kc3 N7d5+ 33. Kd2 Bxf4
34. Nc3 Ng2+ 35. Kc2 Nxc3 36. Kxc3 Bxc1 37. Rxc1 Nxh4 38. Kb4 Rb8+ 39. Kc5 Rc8+
40. Kb4 Nf3 41. Rxc4 Rxc4+ 42. Kxc4 Kf7 43. d5 Ke7 44. Kc5 Kd7 45. d6 Ne5 46.
Kd5 Nxg4 47. Kc5 Ne3 48. Kd4 Nf5+ 49. Kd5 Nxd6 50. Kd4 Ke6 51. Ke3 Kf5 52. Kf3
Kg5 53. Kg3 Nf5+ 54. Kh3 Kxh5 55. Kh2 g5 56. Kh1 g4 57. Kg1 g3 58. Kg2 Kg4 59.
Kg1 Ne3 60. Kh1 g2+ 0-1

[Event "First Saturday 2010 februar FM-B"]
[Site "Budapest"]
[Date "2010.02.12"]
[Round "7"]
[White "Gruz, Janos"]
[Black "Szakacs, Aron"]
[Result "1-0"]
[WhiteElo "1950"]
[BlackElo "1847"]
[PlyCount "103"]
[EventDate "2010.02.06"]

1. c4 d5 2. cxd5 Qxd5 3. Nc3 Qa5 4. g3 e5 5. Bg2 c6 6. Nf3 Nf6 7. Qc2 Bd6 8.
O-O O-O 9. d4 h6 10. dxe5 Bxe5 11. Nxe5 Qxe5 12. Bf4 Qh5 13. f3 Be6 14. Rad1
Nbd7 15. b3 Qc5+ 16. Kh1 Nd5 17. Bd2 N7f6 18. Qc1 Qe7 19. e4 Nb4 20. Qb1 Rad8
21. Be3 b6 22. Rfe1 c5 23. Ne2 Bc8 24. a3 Na6 25. Nf4 Nc7 26. Bf1 g5 27. Ng2
Bb7 28. Bc4 g4 29. Bd5 Ncxd5 30. exd5 gxf3 31. Nf4 Ng4 32. Qd3 Qd6 33. Kg1 Rfe8
34. Bf2 Rxe1+ 35. Rxe1 Bxd5 36. Nxd5 Qxd5 37. Re8+ Kg7 38. Rxd8 Qh5 39. Qxf3
Qxh2+ 40. Kf1 Qh3+ 41. Ke1 Ne5 42. Qe4 Qe6 43. Be3 Qf6 44. Rd5 Ng6 45. b4 Qa1+
46. Kf2 Qa2+ 47. Kf3 c4 48. Rh5 Qb3 49. Kg2 Qd1 50. Qd4+ Qxd4 51. Bxd4+ Kg8 52.
Rxh6 1-0

[Event "First Saturday 2010 februar FM-B"]
[Site "Budapest"]
[Date "2010.02.12"]
[Round "7"]
[White "Shan, He Jia"]
[Black "Hetesi, Zoltan"]
[Result "1-0"]
[WhiteElo "1458"]
[BlackElo "1528"]
[PlyCount "39"]
[EventDate "2010.02.06"]

1. d4 e5 2. dxe5 Nc6 3. Nf3 Qe7 4. Qd5 Nb4 5. Qb3 Nc6 6. Bf4 Na5 7. Qc3 Nc6 8.
e3 Qe6 9. a3 Nge7 10. Bc4 Qf5 11. O-O Ng6 12. Bg3 d6 13. exd6 cxd6 14. Nbd2 Bd7
15. Rad1 Rc8 16. Nb3 Nce5 17. Nxe5 Nxe5 18. Bxe5 dxe5 19. Qd3 Be7 20. e4 1-0

[Event "First Saturday 2010 februar FM-B"]
[Site "Budapest"]
[Date "2010.02.13"]
[Round "8"]
[White "Grimm, Daniel"]
[Black "Hetesi, Zoltan"]
[Result "1-0"]
[WhiteElo "1672"]
[BlackElo "1528"]
[PlyCount "79"]
[EventDate "2010.02.06"]

1. e4 e5 2. Nc3 c6 3. Bc4 Nf6 4. d3 d5 5. exd5 cxd5 6. Bb5+ Nc6 7. Bg5 d4 8.
Ne4 Qa5+ 9. Qd2 Qxb5 10. Bxf6 gxf6 11. Nxf6+ Kd8 12. Ne4 f5 13. Ng3 Bb4 14. c3
dxc3 15. bxc3 Ba5 16. N1e2 f4 17. Ne4 Bf5 18. Nd6 Qxd3 19. Nxf5 Qxd2+ 20. Kxd2
Kd7 21. Rab1 Rab8 22. Kc2 Bd8 23. Rhd1+ Ke6 24. Nd6 b6 25. Nc4 Be7 26. g3 fxg3
27. hxg3 Rhd8 28. Re1 Rg8 29. Nf4+ Kf5 30. Nd3 e4 31. Rb5+ Kg6 32. Rxe4 Rbc8
33. Nf4+ Kf7 34. Ne6 Rge8 35. Ng5+ Bxg5 36. Nd6+ Kg6 37. Nxe8 Rd8 38. Re6+ Kf7
39. Rxc6 Rxe8 40. Rxg5 1-0

[Event "First Saturday 2010 februar FM-B"]
[Site "Budapest"]
[Date "2010.02.13"]
[Round "8"]
[White "Szakacs, Aron"]
[Black "Shan, He Jia"]
[Result "1-0"]
[WhiteElo "1847"]
[BlackElo "1458"]
[PlyCount "103"]
[EventDate "2010.02.06"]

1. e4 e6 2. d4 d5 3. exd5 exd5 4. Bd3 Nc6 5. Nf3 Bg4 6. c3 Bd6 7. O-O Nf6 8.
Re1+ Be7 9. Bg5 O-O 10. Nbd2 h6 11. Bxf6 Bxf6 12. Qc2 Qd7 13. Ne5 Nxe5 14. dxe5
Bg5 15. h3 Bh5 16. Bf5 Qc6 17. Nb3 Rfe8 18. Nd4 Qb6 19. g4 Bg6 20. e6 Bxf5 21.
exf7+ Kxf7 22. Qxf5+ Kg8 23. Qxd5+ Kh8 24. Qb5 Qxb5 25. Nxb5 Rec8 26. Re4 c6
27. Nd6 Rc7 28. f4 Bf6 29. Rae1 Rd7 30. Nf5 Rd2 31. R1e2 Rd3 32. Kg2 Rad8 33.
h4 R3d5 34. Ne3 R5d6 35. g5 hxg5 36. hxg5 Bxg5 37. fxg5 Rg6 38. Rg4 Re8 39. Rf2
Kg8 40. Rg3 Re5 41. Rf5 Ree6 42. Rgf3 Re8 43. Kg3 Rd8 44. Nc4 b6 45. Kg4 Re8
46. Re3 Rxe3 47. Nxe3 Re6 48. Kf4 Rd6 49. Nc4 Re6 50. Re5 Rg6 51. Kf5 Kh7 52.
Re4 1-0

[Event "First Saturday 2010 februar FM-B"]
[Site "Budapest"]
[Date "2010.02.13"]
[Round "8"]
[White "Farkas, Richard"]
[Black "Gruz, Janos"]
[Result "1/2-1/2"]
[WhiteElo "1898"]
[BlackElo "1950"]
[PlyCount "75"]
[EventDate "2010.02.06"]

1. e4 c5 2. Nc3 d6 3. g3 Nf6 4. Bg2 Nc6 5. d3 g6 6. f4 Bg7 7. Nf3 Bg4 8. h3 Bd7
9. O-O O-O 10. Be3 Rc8 11. d4 cxd4 12. Nxd4 h6 13. Qd2 Qc7 14. Ncb5 Qb8 15.
Rae1 e5 16. Nxc6 Bxc6 17. Nc3 Nh5 18. Kh2 exf4 19. gxf4 Qc7 20. Bd4 Qe7 21.
Bxg7 Nxg7 22. Nd5 Bxd5 23. exd5 Qf6 24. c3 Rfe8 25. Bf3 h5 26. Bd1 Qh4 27. Ba4
Rxe1 28. Qxe1 Qxe1 29. Rxe1 Rc4 30. Bb3 Rc7 31. Bc2 Kf8 32. Rf1 Re7 33. Rf2 f5
34. Kg3 Kf7 35. Kf3 Kf6 36. h4 Ne8 37. Rd2 Nc7 38. Rd1 1/2-1/2

[Event "First Saturday 2010 februar FM-B"]
[Site "Budapest"]
[Date "2010.02.13"]
[Round "8"]
[White "Horvath, Zoltan"]
[Black "Kiss, Sydney Olimpia"]
[Result "0-1"]
[WhiteElo "1545"]
[BlackElo "1531"]
[PlyCount "100"]
[EventDate "2010.02.06"]

1. e4 c6 2. d4 d5 3. Nc3 dxe4 4. Nxe4 Bf5 5. Ng5 Nf6 6. Bc4 e6 7. Ne2 Nbd7 8.
O-O h6 9. Nf3 Bd6 10. h3 g5 11. g4 Be4 12. Kg2 Qc7 13. Ng3 O-O-O 14. Bd3 Bxg3
15. fxg3 e5 16. Be3 exd4 17. Bxd4 Qd6 18. Bxe4 Nxe4 19. Qe1 Rhe8 20. Rd1 b6 21.
a4 Ndc5 22. b3 Qd5 23. c4 Qd6 24. Bxc5 Qxd1 25. Qxd1 Rxd1 26. Rxd1 Nxc5 27. Nd4
Rd8 28. b4 Nb3 29. Nxb3 Rxd1 30. a5 Kb7 31. axb6 axb6 32. b5 cxb5 33. cxb5 Rb1
34. Nd4 Rb4 35. Nf5 Rxb5 36. Nd6+ Kc6 37. Nxb5 Kxb5 38. Kf3 Kc4 39. Ke2 Kc3 40.
Kd1 Kb2 41. h4 b5 42. hxg5 hxg5 43. Kd2 b4 44. Ke3 Kc2 45. Ke4 b3 46. Kf5 b2
47. Kxg5 b1=Q 48. Kh6 Qb6+ 49. Kh5 Qg6+ 50. Kh4 Qh6# 0-1

[Event "First Saturday 2010 februar FM-B"]
[Site "Budapest"]
[Date "2010.02.13"]
[Round "8"]
[White "Vinnay, Istvan"]
[Black "Grimm, Gyoergy"]
[Result "0-1"]
[WhiteElo "1794"]
[BlackElo "1655"]
[PlyCount "52"]
[EventDate "2010.02.06"]

1. c4 e5 2. Nc3 Nf6 3. g3 d5 4. cxd5 Nxd5 5. Bg2 c6 6. d3 Bb4 7. Bd2 Be6 8. Nf3
Nd7 9. O-O Bxc3 10. bxc3 O-O 11. Qc2 N5b6 12. Rfd1 f6 13. c4 Bf7 14. Ba5 Qe7
15. Rab1 Rab8 16. Nh4 Be6 17. Rb2 Rfc8 18. Be4 Na8 19. d4 g6 20. Bb4 c5 21.
dxc5 Nxc5 22. Qc1 b6 23. Rc2 f5 24. Bd5 Nc7 25. Bxe6+ N7xe6 26. Rd7 Qxd7 0-1

[Event "First Saturday 2010 februar FM-B"]
[Site "Budapest"]
[Date "2010.02.14"]
[Round "9"]
[White "Grimm, Gyoergy"]
[Black "Grimm, Daniel"]
[Result "1/2-1/2"]
[WhiteElo "1655"]
[BlackElo "1672"]
[PlyCount "22"]
[EventDate "2010.02.06"]

1. g3 g6 2. Bg2 Bg7 3. Nf3 Nf6 4. O-O O-O 5. d4 d5 6. c3 c6 7. Bg5 h6 8. Bxf6
Bxf6 9. Nbd2 Bg7 10. e4 e6 11. exd5 exd5 1/2-1/2

[Event "First Saturday 2010 februar FM-B"]
[Site "Budapest"]
[Date "2010.02.14"]
[Round "9"]
[White "Kiss, Sydney Olimpia"]
[Black "Vinnay, Istvan"]
[Result "0-1"]
[WhiteElo "1531"]
[BlackElo "1794"]
[PlyCount "106"]
[EventDate "2010.02.06"]

1. e4 c5 2. Nf3 e6 3. d4 cxd4 4. Nxd4 Nf6 5. Bd3 d6 6. Bg5 Be7 7. Nc3 a6 8. O-O
Qc7 9. Qd2 Nc6 10. Nce2 Ne5 11. Qc3 Qxc3 12. Nxc3 Nxd3 13. cxd3 Bd7 14. Rac1
O-O 15. f4 h6 16. Bh4 Rfe8 17. Rf3 Rac8 18. Rcf1 Nh7 19. Bg3 b5 20. e5 b4 21.
Nce2 f6 22. f5 Ng5 23. R3f2 dxe5 24. fxe6 Nxe6 25. Nxe6 Bxe6 26. b3 Bc5 27. d4
exd4 28. Rf4 Bxb3 29. axb3 Rxe2 30. Rc1 d3+ 31. Kf1 d2 32. Rd1 Rce8 33. Rc4 Bd6
34. Bf2 a5 35. Rc6 Bb8 36. Ra6 Bc7 37. Ra7 Rxf2+ 38. Kxf2 Bb6+ 39. Kf1 Bxa7 40.
Rxd2 Re3 41. Rb2 Bd4 42. Rb1 Rc3 43. Ke2 Rc2+ 44. Kd3 Rb2 45. Ra1 Rd2+ 46. Kxd2
Bxa1 47. Kd3 Kf7 48. Kc4 Ke6 49. h4 h5 50. Kc5 Ke5 51. Kc4 Ke4 52. Kc5 f5 53.
Kd6 f4 0-1

[Event "First Saturday 2010 februar FM-B"]
[Site "Budapest"]
[Date "2010.02.14"]
[Round "9"]
[White "Gruz, Janos"]
[Black "Horvath, Zoltan"]
[Result "1-0"]
[WhiteElo "1950"]
[BlackElo "1545"]
[PlyCount "107"]
[EventDate "2010.02.06"]

1. c4 c5 2. Nc3 Nc6 3. g3 g6 4. Bg2 Bg7 5. Nf3 Nf6 6. O-O O-O 7. d3 d6 8. h3 h6
9. Rb1 Rb8 10. a3 a6 11. b4 b5 12. bxc5 bxc4 13. Rxb8 Nxb8 14. dxc4 dxc5 15.
Qb3 Nc6 16. Rd1 Nd7 17. Nd5 Nd4 18. Nxd4 cxd4 19. Qb4 e5 20. c5 Nf6 21. Nb6 Nd7
22. Nc4 Qe7 23. Nd6 Rd8 24. c6 Nf6 25. Nc4 Qxb4 26. axb4 Nd5 27. Bd2 Be6 28.
Na5 Bf8 29. e3 Bxb4 30. Nb7 Rc8 31. Bxd5 Bxd5 32. Bxb4 Rxc6 33. Bd2 dxe3 34.
Bxe3 Bf3 35. Rc1 Rxc1+ 36. Bxc1 g5 37. Nc5 Be2 38. f4 exf4 39. gxf4 gxf4 40.
Bxf4 Kg7 41. Kf2 Bb5 42. Bd2 Kg6 43. Ne4 f5 44. Ng3 h5 45. h4 Be8 46. Ke3 Bc6
47. Kf4 Bd7 48. Ke5 Bc8 49. Ne2 Bb7 50. Nf4+ Kh6 51. Kxf5 Bc8+ 52. Kf6 Bg4 53.
Nd5+ Kh7 54. Kg5 1-0

[Event "First Saturday 2010 februar FM-B"]
[Site "Budapest"]
[Date "2010.02.14"]
[Round "9"]
[White "Shan, He Jia"]
[Black "Farkas, Richard"]
[Result "0-1"]
[WhiteElo "1458"]
[BlackElo "1898"]
[PlyCount "64"]
[EventDate "2010.02.06"]

1. d4 d5 2. Bf4 c5 3. e3 Bf5 4. Nf3 e6 5. c3 Nf6 6. Bb5+ Nc6 7. Ne5 Qb6 8. Qa4
Rc8 9. O-O Be7 10. Nd2 O-O 11. Bg5 Rfd8 12. Ndf3 Ne4 13. Nxc6 bxc6 14. Bxe7
cxb5 15. Bxd8 Rxd8 16. Qd1 c4 17. Nh4 Nd6 18. Re1 Bd3 19. Nf3 f6 20. Nh4 a5 21.
Qg4 Nb7 22. Qg3 b4 23. f3 Kf7 24. e4 g5 25. exd5 Rxd5 26. Re3 gxh4 27. Qxh4 Bg6
28. Qf4 Qd6 29. Qg4 Rg5 30. Qh3 f5 31. Qh4 Rh5 32. Qg3 f4 0-1